Cómo resolver problemas en química física / (Record no. 27868)

MARC details
000 -LEADER
campo de control de longitud fija 00634nam a2200193 i 4500
001 - NÚMERO DE CONTROL
campo de control 27868
003 - IDENTIFICADOR DE NÚMERO DE CONTROL
campo de control ES-MaACL
005 - FECHA Y HORA DE LA ÚLTIMA TRANSACCIÓN
campo de control 20230906153724.0
007 - CAMPO FIJO DE DESCRIPCIÓN FÍSICA--INFORMACIÓN GENERAL
campo de control de longitud fija t|
008 - DATOS DE LONGITUD FIJA--INFORMACIÓN GENERAL
campo de control de longitud fija 030115s1947 sp ||||1| spa d
100 1# - ENTRADA PRINCIPAL--NOMBRE DE PERSONA
Nombre de persona Babor, Joseph A.
9 (RLIN) 24423
245 10 - MENCIÓN DEL TÍTULO
Título Cómo resolver problemas en química física /
Mención de responsabilidad, etc. por Joseph A. Babor y Garret W. Thiessen ; traducción de Tomás Batuecas.
260 ## - PUBLICACIÓN, DISTRIBUCIÓN, ETC.
Lugar de publicación, distribución, etc. Barcelona :
Nombre del editor, distribuidor, etc. Manuel Marín,
Fecha de publicación, distribución, etc. 1947 (
Fabricante Clarasó)
300 ## - DESCRIPCIÓN FÍSICA
Extensión 227 p. ;
Dimensiones 20 cm.
650 ## - PUNTO DE ACCESO ADICIONAL DE MATERIA--TÉRMINO DE MATERIA
Término de materia o nombre geográfico como elemento de entrada Química física-
Subdivisión de forma Problemas.
9 (RLIN) 16635
700 1# - ENTRADA AGREGADA--NOMBRE PERSONAL
Nombre de persona Thiessen, W.
9 (RLIN) 109963
700 1# - ENTRADA AGREGADA--NOMBRE PERSONAL
Nombre de persona Batuecas, Tomás.
9 (RLIN) 26494
852 ## - LOCALIZACIÓN
Ubicación ES-MaACL
Número de control de estantería A-4508
Holdings
Estatus retirado Estado de pérdida Estado de daño No para préstamo Biblioteca de origen Biblioteca actual Ubicación en estantería Fecha de adquisición Fuente de adquisición Total de préstamos Signatura topográfica completa Código de barras Visto por última vez Precio de reemplazo Tipo de ítem Koha
        Biblioteca del Ateneo de Madrid Biblioteca del Ateneo de Madrid Sala Pecera Planta 1 17/01/2008     A-4508 1028774 23/02/2023 23/02/2023 Libro impreso